Japan Baseball 400 Home Run - Statistics

General Stats
  • This quiz has been taken 38 times
  • The average score is 6 of 20
Answer Stats
HR Answer % Correct
868 Sadaharu Oh
100%
444 Shigeo Nagashima
46%
525 Kazuhiro Kiyohara
42%
415 Takeya Nakamura
42%
404 Norihiro Nakamura
38%
510 Hiromitsu Ochiai
33%
657 Katsuya Nomura
33%
464 Tuffy Rhodes
33%
406 Shinnosuke Abe
29%
413 Hiroki Kokubo
25%
567 Hiromitsu Kadota
25%
536 Koji Yamamoto
25%
504 Sachio Kinugasa
25%
476 Tomoaki Kanemoto
25%
403 Takeshi Yamasaki
21%
504 Isao Harimoto
17%
437 Koji Akiyama
17%
486 Katsuo Osugi
13%
474 Koichi Tabuchi
13%
465 Masahiro Doi
8%
No matching quizzes found
Score Distribution
Percent of People with Each Score
Percentile by Number Answered
Your Score History
You have not taken this quiz